| 000 | 01056nam a2200229Ia 4500 | ||
|---|---|---|---|
| 003 | Ost | ||
| 005 | 20260507075346.0 | ||
| 008 | 260507s9999||||xx |||||||||||||| ||und|| | ||
| 020 | _a16853289779 | ||
| 040 | _cfsecg | ||
| 041 | _aara | ||
| 082 | _a330 | ||
| 100 |
_aمحارب، عبد العزيز قاسم _eمؤلف |
||
| 245 | 0 |
_aالتنمية المستديمة في ظل تحديات الواقع من منظور إسلامي / _c عبد العزيز قاسم محارب |
|
| 260 |
_aالإسكندرية: _bدار الجامعة الجديدة, _c2011 |
||
| 300 |
_a1024 صفحة؛ _c24 سم |
||
| 520 | _aحتمية التنمية المستديمة- تمويل التنمية المستديمة في ظل تحديات الواقع- التمويل المصرفي للتنمية المستديمة- مؤسسة الوقف كنموذج إسلامي لتمويل التنمية المستديمة | ||
| 653 | _aالتمويل المصرفي | ||
| 653 | _aالتنمية | ||
| 653 | _aالتنمية الإقتصادية | ||
| 942 | _cكتاب | ||
| 999 |
_c44114 _d44114 |
||